Statistiken für Ergebnisdiagramm der Fußball-Weltmeisterschaft 1990

Klicken Sie hier um das Quiz zu spielen!

Allgemein

  • Dieses Quiz wurde 67 mal gespielt
  • Das Durchschnittsergebnis liegt bei 17 aus 24

Antwortstatistiken

Nation % Korrekt
Argentinien
98%
Italien
96%
Brasilien
92%
BR Deutschland
90%
Niederlande
88%
England
86%
Jugoslawien
84%
Schweden
78%
Irland
78%
Kolumbien
78%
Belgien
76%
Kamerun
76%
USA
73%
Südkorea
71%
Rumänien
71%
Spanien
71%
Ägypten
63%
Sowjetunion
63%
Österreich
63%
Uruguay
61%
Tschechoslowakei
55%
Schottland
51%
V. A. Emirate
45%
Costa Rica
43%

Verteilung der Resultate

Perzentil nach korrekt beantworteten Fragen

Anzahl Personen mit jedem Resultat

Ihre Resultats-Entwicklung

Sie haben dieses Quiz noch nicht gespielt